|
|
|
|
| LEADER |
00000nlm0a2200000 4500 |
| 001 |
109316 |
| 005 |
20231031115959.0 |
| 035 |
|
|
|a (RuTPU)RU\TPU\book\118017
|
| 090 |
|
|
|a 109316
|
| 100 |
|
|
|a 20070207d2006 k y0rusy50 ca
|
| 101 |
0 |
|
|a rus
|
| 102 |
|
|
|a RU
|
| 105 |
|
|
|a a dm 000zy
|
| 135 |
|
|
|a drbn ---uucaa
|
| 181 |
|
0 |
|a i
|
| 182 |
|
0 |
|a b
|
| 200 |
1 |
|
|a Система управления электронагревом барабанной печи в электротехническом комплексе производства безводного фтороводорода
|b Электронный ресурс
|e автореферат диссертации на соискание ученой степени кандидата технических наук
|f А. В. Цхе
|g Томский политехнический университет; Электротехнический институт; науч. рук. В. Г. Букреев
|
| 203 |
|
|
|a Текст
|c электронный
|
| 210 |
|
|
|a Томск
|c [Б. и.]
|d 2006
|
| 215 |
|
|
|a 1 файл (590 Kb)
|
| 230 |
|
|
|a Электронные текстовые данные (1 файл : 590 Kb)
|
| 300 |
|
|
|a Заглавие с титульного экрана
|
| 300 |
|
|
|a Электронная версия печатной публикации
|
| 337 |
|
|
|a Adobe Reader
|
| 452 |
|
1 |
|0 (RuTPU)RU\TPU\book\116214
|t Система управления электронагревом барабанной печи в электротехническом комплексе производства безводного фтороводорода
|o автореферат диссертации на соискание ученой степени кандидата технических наук
|o спец. 05.09.03
|f А. В. Цхе
|g Томский политехнический университет; Электротехнический институт; науч. рук. В. Г. Букреев
|c Томск
|n Б.и.
|d 2006
|p 20 с.
|a Цхе, Алексей Викторович
|
| 610 |
1 |
|
|a химическая технология
|
| 610 |
1 |
|
|a барабанные печи
|
| 610 |
1 |
|
|a электронагрев
|
| 610 |
1 |
|
|a система управления
|
| 610 |
1 |
|
|a безводный фтороводород
|
| 610 |
1 |
|
|a производство
|
| 610 |
1 |
|
|a электротехнические комплексы
|
| 610 |
1 |
|
|a математическое описание
|
| 610 |
1 |
|
|a нагрев
|
| 610 |
1 |
|
|a электроприводы
|
| 610 |
1 |
|
|a имитационное моделирование
|
| 610 |
1 |
|
|a авторефераты диссертаций
|
| 610 |
1 |
|
|a труды учёных ТПУ
|
| 610 |
1 |
|
|a электронный ресурс
|
| 675 |
|
|
|a 66.041.49(04)
|v 3
|
| 686 |
|
|
|a 05.09.03
|2 oksvnk
|
| 700 |
|
1 |
|a Цхе
|b А. В.
|c российский учёный в области инновационных технологий и инженерного консалтинга
|c директор научно-технического центра Томского политехнического университета
|g Алексей Викторович
|2 stltpush
|3 (RuTPU)RU\TPU\pers\26524
|
| 702 |
|
1 |
|a Букреев
|b В. Г.
|c специалист в области электротехники
|c профессор Томского политехнического университета, доктор технических наук
|f 1952-
|g Виктор Григорьевич
|2 stltpush
|3 (RuTPU)RU\TPU\pers\26527
|4 727
|
| 712 |
0 |
2 |
|a Томский политехнический университет (ТПУ)
|b Электротехнический институт (ЭЛТИ)
|2 stltpush
|3 (RuTPU)RU\TPU\col\4304
|
| 801 |
|
1 |
|a RU
|b 63413507
|c 20070207
|g PSBO
|
| 801 |
|
2 |
|a RU
|b 63413507
|c 20151116
|g RCR
|
| 856 |
4 |
|
|u http://www.lib.tpu.ru/fulltext/a/2006/49.pdf
|
| 942 |
|
|
|c CF
|